000 01058nas a2200277 4500
001 BR8401688
003 BR-BrBNA
005 20231205085848.0
007 ta
008 230509b bl.|||p| |||| 00| 00por d
040 _aBR-BrBNA
_bpor
_cBiblioteca Nacional de Agricultura
041 _a(Pt)
072 _aF25; F60
100 1 _aSantana, J.R.
100 1 _aSantos, C.L. dos
245 1 _aEfeito do parcelamento de nitrogenio e intervalos entre cortes sobre a producao de materia seca e de proteina bruta de Setaria anceps (Schum.)Stapf. Hub. cv. Kazungula
246 1 _a[Effect of nitrogen splitting and cutting intervals on dry matter yield and raw protein of Setaria anceps (Shum.)Stapf. and Hub. cv. Kazungula]
650 _aSETARIA
650 _aFERTILIZANTE NITROGENADO
650 _aMATERIA SECA
650 _aPROTEINA
650 _aCORTE
773 0 _tRevista da Sociedade Brasileira de Zootecnia (Brazil)
_xISSN 0100-4859
_g(1983), v. 12(3) p. 522-534
_wBR8401688
909 _a202311
_bLúcia
_c55
_dLúcia Elande
942 _2AGRIS
_n0
_cANA
999 _c114360
_d114360